000 00888cab a2200217 4500
001 ABS37476
008 090401t1987 xxu||||| |||| 00| 0 eng d
035 _a(Sirsi) u4804
041 _aeng
100 _aHiggs, T.
245 _aBatten down your roofs and keep your clients dry - and happy
260 _c1987
350 _a0
490 _aNational Builder
_v68 (2) March 1987, 82-84 (3)
520 _aEdited version of a paper presented at the conference, Industrial roof failure: causes and cures, which provides comprehensive guidance on detailing for industrial roofs. Discusses areas where the design of such roofs can be improved to combat rain penetration , looking at roofing materials , sheeted roofs and rooflights .
650 _aINDUSTRIAL BUILDINGS
650 _aWATERPROOFING
690 _aBUILT ENVIRONMENT-BUILDING PATHOLOGY
942 _n0
948 _c04/03/1997
999 _c2906
_d2906